000 00594nam a2200193 i 4500
001 43698
003 ES-MaACL
005 20230906160848.0
007 t|
008 030318s1910 fr ||||1| fre d
100 1 _aCauderlier, Em.
_937102
245 1 2 _aL'Eglise infaillible devant la science et l'histoire /
_cpar Em. Cauderlier.
260 _aParis :
_bE. Nourry,
_c1910 (
_fAd. de Backer)
300 _a83 p. ;
_c18 cm.
490 1 _aBibliothèque de critique religieuse
830 0 _aBibliothèque de critique religieuse
_9183602
852 _aES-MaACL
_jF-9306
999 _c43698
_d43698